Jojo's bizarre adventure stand quiz - Statistics

General Stats
  • This quiz has been taken 613 times
  • The average score is 78 of 182
Answer Stats
Hint Answer % Correct
Diamond is Unbreakable | Golden Wind | Jojolands | +4 others .
100%
Jotaro Kujo Star Platinum
92%
D an G Yo-Yo Ma
91%
Joseph Joestar Hermit Purple
90%
Muhammed Avdol Magician's Red
88%
Noriaki Kakyoin Hierophant Green
85%
Jean Pierre Polnareff Silver Chariot
81%
Tamaki Damo Vitamin C
77%
DIO The World
76%
Josuke Higashikata 4 Crazy Diamond
73%
Okuyasu Nijimura The Hand
72%
Yoshikage Kira Killer Queen
69%
Vanilla Ice Cream
66%
Koichi Hirose Echoes Act 1
65%
Koichi Hirose Echoes Act 2
65%
Koichi Hirose Echoes Act 3
65%
Rohan Kishibe Heaven's Door
65%
Scolippi Rolling Stone
65%
Bruno Bucciarati Sticky Fingers
65%
Iggy The Fool
65%
Gray Fly Tower of Grey
65%
Giorno Giovanna Gold Experience
64%
Tsurugi Higashikata Paper Moon King
64%
Jobin Higashikata Speed King
64%
Hol Horse Emperor
63%
J. Geil Hanged Man
63%
Diavolo/Vinegar Doppio King Crimson
63%
Guido Mista Sex Pistols
62%
Jolyne Cujoh Stone Free
62%
Johnny Joestar Tusk Act 1
62%
Johnny Joestar Tusk Act 2
62%
Johnny Joestar Tusk Act 3
62%
Johnny Joestar Tusk Act 4
62%
Enrico Pucci Made in Heaven
61%
Sword Stand Anubis
60%
Mountain Tim Oh! Lonesome Me
60%
Pannacotta Fugo Purple Haze
60%
Enrico Pucci C-Moon
59%
Leone Abbacchio Moody Blues
59%
Enrico Pucci White Snake
59%
Narancia Ghirga Aerosmith
58%
Weather Report Weather Report
58%
Ken Oyanagi Boy II Man
57%
Mannish Boy Death 13
57%
Giorno Giovanna Gold Experience Requiem
57%
Risotto Nero Metallica
57%
Polpo Black Sabbath
56%
Trish Una Spice Girl
56%
Funny Valentine D4C
55%
Captain Tenille Dark Blue Moon
55%
Forever Strength
55%
Toru Wonder of U
55%
Ermes Costello Kiss
54%
Steely Dan Lovers
54%
Akira Otoishi Red Hot Chili Pepper
54%
Keicho Nijimura Bad Company
53%
Foo Fighters Foo Fighters
53%
Josuke Higashikata 8 Soft & Wet
53%
Pesci Beach Boy
52%
Pocoloco Hey Ya!
52%
Nena Empress
51%
Cioccolata Green Day
51%
Enya the Hag Justice
51%
Arabia Fats Sun
51%
Shigekiyo Yangu Harvest
50%
Dr. Ferdinand/Diego Brando Scary Monsters
50%
Tama Stray Cat
49%
Rubber Soul Yellow Temperance
49%
Jean Pierre Polnareff Chariot Requiem
47%
ZZ Wheel of Fortune
47%
Shizuka Joestar Achtung Baby
46%
Yuya Fungami Highway Star
46%
Karera Sakunami Love Love Deluxe
46%
Gyro Zeppeli Ball Breaker
45%
Yukako Yamagishi Love Deluxe
45%
Illuso Man in the Mirror
45%
Coco Jumbo Mr.President
45%
Tonio Trussardi Pearl Jam
45%
Tamami Kobayashi The Lock
45%
Aya Tsuji Cinderella
44%
Narciso Anasui Diver Down
44%
Devo the Cursed Ebony Devil
43%
Toyohiro Kanedaichi Superfly
43%
Prosciutto The Grateful Dead
43%
Ghiaccio White Album
43%
Jodio Joestar November Rain
42%
Poor Tom Ozon Baby
42%
Anjuro Katagiri Aqua Necklace
41%
Funny Valentine D4C Love Train
41%
N'Doul Geb
41%
Carne Notorious B.I.G
41%
Secco Oasis
41%
Magent Magent 20th Century Boy
40%
Ungalo Bohemian Rhapsody
39%
Mikitaka Hazekura Earth Wind & Fire
39%
Bug-Eaten Ratt
39%
Melone Baby Face
38%
Mariah Bastet
38%
Cameo Judgement
38%
Midler High Priestess
37%
Pet Shop Horus
37%
Formaggio Little Feet
37%
Toshikazu Hazamada Surface
37%
Emporio Alnino Burning Down the House
35%
Blackmore Catch the Rainbow
35%
Masazo Kinoto Cheap Trick
35%
Oingo Khnum
35%
Daniel J. D'Arby Osiris
35%
Tiziano Talking Head
35%
Yoshihiro Kira Atom Heart Father
34%
Squalo Clash
33%
Terunosuke Miyamoto Enigma
33%
Sale Kraft Work
33%
Ringo Roadagain Mandom
33%
Gwess Goo Goo Dolls
32%
Guccio Survivor
32%
Boingo Tohth
32%
Thunder McQueen Highway to Hell
31%
Miuccia Miuller Jail House Lock
31%
Sports Maxx Limp Bizkit
31%
Telence T. D'Arby Atum
30%
Hot Pants Cream Starter
30%
Sandman In a Silent Way
30%
Donatello Versus Underworld
30%
D-I-S-C-O Chocolate Disco
28%
Kenzou Dragon's Dream
28%
Johngalli A. Manhattan Transfer
28%
Kenny G. Tenore Sax
28%
Alessi Sethan
27%
Mario Zucchero Soft Machine
27%
The Green Baby Green Green Grass of Home
26%
Diego Brando The World AU
26%
Yasuho Hirose Paisley Park
25%
Rikiel Sky High
25%
Viviano Westwood Planet Waves
24%
Miraschon Marilyn Manson
23%
Lucy Steel Ticket to Ride
23%
Axl RO Civil War
22%
Boomboom Family Tomb of the Boom
22%
Lang Rangler Jumpin' Jack Flash
21%
Norisuke Higashikata IV King Nothing
20%
Joshu Higashikata Nut King Call
20%
Dragona Joestar Smooth Operators
20%
Great Tree Sugar Mountain
20%
Daiya Higashikata California King Bed
18%
Holly Joestar Holly Joestar Stand
18%
Kei Nijimura Born This Way
17%
Rai Mamezuku Doggy Style
17%
Rohan Kishibe Heaven's Door AU
17%
Yoshikage Kira Killer Queen AU
17%
Pork Pie Hat Kid Wired
17%
Ojiro Sasame Fun Fun Fun
15%
Wu Tomoki Doctor Wu
14%
Eleven Men Tatoo You!
14%
Mike O. Tubular Bells
14%
Hato Higashikata Walking Heart
14%
Yotsuyu Yagiyama I Am a Rock
12%
Paco Laburantes The Hustle
12%
Dolomite Blue Hawaii
11%
Oyecomova Boku no Rhythm wo Kiitekure
11%
Mitsuba Higashikata Awaking III Leaves
9%
Golden Leave Street Les Feuilles
9%
Elder A. Phex Brother Schott Key No.1
9%
Younger A. Phex Brother Schott Key No.2
9%
Urban Guerrilla Brain Storm
8%
Zaihei Nigatake/Joshu Higashikata Milagroman
8%
Usagi Alohaoe THE MATTEKUDASAI
8%
Aisho Dainenjiyama Doobie Wah!
7%
Kaato Higashikata Space Trucking
7%
Charming Man Bigmouth Strikes Again
6%
Lulu Bags Groove
5%
Wild Cat Size Cat Size
5%
Acca Howler Acca Howler's Stand
3%
Bobby Jean Glory Days
3%
Laem Chabang Laem Chabang's Stand
3%
Ningbo Ningbo's Stand
3%
No matching quizzes found
Score Distribution
Percent of People with Each Score
Percentile by Number Answered
Your Score History
You have not taken this quiz